00374nam a2200121Ia 4500100002500000942000700025654002100032245003800053260003400091546001200125999001700137952009800154 aJain/S.K & prasad D  cBK acircuit analysis aCircuit theory & network analysis bC.B.S PublishersaDelhic1987 aENGLISH c22059d22059 001040708CRCaCRCEbCRCEd2023-03-17g35.00l0o p3661r2023-03-17v35.00w2023-03-17yBK